[Event "2016 South Wales International"]
[Site "Cardiff"]
[Date "2016.07.10"]
[Round "6"]
[Board "11"]
[White "Fathallah, Joe"]
[Black "Wallace, Paul"]
[Result "1/2-1/2"]
[WhiteElo "1960"]
[BlackElo "2243"]
[PlyCount "0"]
[EventDate "2016.07.07"]
[EventRounds "10"]
[EventCountry "WLS"]

1. d4 {[%clk 1:30:56]} Nf6 {[%clk 1:30:55]} 2. c4 {[%clk 1:31:21]} g6
{[%clk 1:31:19]} 3. Nc3 {[%clk 1:31:46]} Bg7 {[%clk 1:31:45]} 4. e4
{[%clk 1:32:13]} d6 {[%clk 1:32:09]} 5. f3 {[%clk 1:32:35]} O-O {[%clk 1:32:32]}
6. Be3 {[%clk 1:33:02]} c5 {[%clk 1:32:57]} 7. dxc5 {[%clk 1:33:27]} dxc5
{[%clk 1:33:21]} 8. Qxd8 {[%clk 1:33:53]} Rxd8 {[%clk 1:33:44]} 9. Bxc5
{[%clk 1:34:21]} Nc6 {[%clk 1:34:05]} 10. Nd5 {[%clk 1:33:44]} Nd7
{[%clk 1:31:36]} 11. Nxe7+ {[%clk 1:32:29]} Nxe7 {[%clk 1:31:31]} 12. Bxe7
{[%clk 1:32:53]} Bxb2 {[%clk 1:31:44]} 13. Bxd8 {[%clk 1:33:02]} Bxa1
{[%clk 1:29:16]} 14. Ne2 {[%clk 1:26:32]} Nc5 {[%clk 0:56:56]} 15. Ba5
{[%clk 1:21:51]} Na4 {[%clk 0:43:17]} 16. Nf4 {[%clk 1:17:48]} Nc3
{[%clk 0:32:57]} 17. Bxc3 {[%clk 1:04:24]} Bxc3+ {[%clk 0:33:22]} 18. Kd1
{[%clk 1:04:25]} Be6 {[%clk 0:30:55]} 19. Nxe6 {[%clk 1:02:48]} fxe6
{[%clk 0:31:21]} 20. Kc2 {[%clk 1:01:57]} Be5 {[%clk 0:28:18]} 21. Be2
{[%clk 1:01:07]} Rc8 {[%clk 0:27:28]} 22. h3 {[%clk 0:58:53]} Kf7
{[%clk 0:23:39]} 23. Rd1 {[%clk 0:56:19]} Ke7 {[%clk 0:23:49]} 24. Kb3
{[%clk 0:53:59]} Rc6 {[%clk 0:24:11]} 25. Rb1 {[%clk 0:52:31]} Rb6+
{[%clk 0:20:20]} 26. Kc2 {[%clk 0:52:54]} Rxb1 {[%clk 0:20:45]} 27. Kxb1
{[%clk 0:53:22]} Kf6 {[%clk 0:21:09]} 28. Kc2 {[%clk 0:52:36]} Kg5
{[%clk 0:21:13]} 29. Kd1 {[%clk 0:51:03]} Kf4 {[%clk 0:20:15]} 30. Ke1
{[%clk 0:50:16]} Ke3 {[%clk 0:20:05]} 31. Bd1 {[%clk 0:47:50]} Bg3+
{[%clk 0:16:10]} 32. Kf1 {[%clk 0:48:05]} b6 {[%clk 0:15:21]} 33. Ba4
{[%clk 0:47:01]} Kd3 {[%clk 0:15:11]} 34. Bb5 {[%clk 0:46:28]} Kd2
{[%clk 0:14:38]} 35. a4 {[%clk 0:45:57]} g5 {[%clk 0:14:57]} 36. Ba6
{[%clk 0:45:21]} h5 {[%clk 0:14:33]} 37. Bb5 {[%clk 0:44:56]} h4 {[%clk 0:14:49]}
38. Ba6 {[%clk 0:45:04]} Bd6 {[%clk 0:15:05]} 39. Bb5 {[%clk 0:45:07]} e5
{[%clk 0:15:28]} 40. Ba6 {[%clk 0:45:23]} Bc5 {[%clk 0:15:28]} 41. Bb5
{[%clk 0:45:29]} Ke3 {[%clk 0:15:16]} 42. Ba6 {[%clk 0:45:22]} Kd2 1/2-1/2

[Event "2016 South Wales International"]
[Site "Cardiff"]
[Date "2016.07.10"]
[Round "6"]
[Board "12"]
[White "Longson, Sarah N"]
[Black "James, Dai"]
[Result "1-0"]
[WhiteElo "2117"]
[BlackElo "1926"]
[PlyCount "0"]
[EventDate "2016.07.07"]
[EventRounds "10"]
[EventCountry "WLS"]

1. e4 {[%clk 1:30:58]} e6 {[%clk 1:25:19]} 2. d4 {[%clk 1:31:24]} d5
{[%clk 1:25:42]} 3. Nc3 {[%clk 1:31:50]} dxe4 {[%clk 1:25:26]} 4. Nxe4
{[%clk 1:32:12]} Nd7 {[%clk 1:25:09]} 5. Nf3 {[%clk 1:32:18]} Ngf6
{[%clk 1:24:33]} 6. Bd3 {[%clk 1:32:08]} Nxe4 {[%clk 1:24:41]} 7. Bxe4
{[%clk 1:32:34]} Nf6 {[%clk 1:24:46]} 8. Bg5 {[%clk 1:32:36]} Be7
{[%clk 1:23:15]} 9. Bxf6 {[%clk 1:32:32]} Bxf6 {[%clk 1:22:59]} 10. Qd3
{[%clk 1:32:52]} g6 {[%clk 1:19:07]} 11. h4 {[%clk 1:32:24]} h5 {[%clk 1:18:44]}
12. O-O-O {[%clk 1:32:06]} Qe7 {[%clk 1:14:58]} 13. Kb1 {[%clk 1:26:28]} c6
{[%clk 1:12:31]} 14. Ne5 {[%clk 1:25:42]} Bd7 {[%clk 1:11:28]} 15. f4
{[%clk 1:18:38]} O-O-O {[%clk 1:06:14]} 16. Qc4 {[%clk 1:16:01]} Be8
{[%clk 1:03:51]} 17. Rd3 {[%clk 1:09:55]} Qc7 {[%clk 0:58:15]} 18. Nxg6
{[%clk 1:02:54]} fxg6 {[%clk 0:53:34]} 19. Qxe6+ {[%clk 1:03:18]} Bd7
{[%clk 0:53:09]} 20. Qxf6 {[%clk 1:03:34]} Rdf8 {[%clk 0:52:39]} 21. Qe5
{[%clk 1:01:16]} Rxf4 {[%clk 0:51:02]} 22. Qxh8+ {[%clk 1:01:38]} 1-0

[Event "2016 South Wales International"]
[Site "Cardiff"]
[Date "2016.07.10"]
[Round "6"]
[Board "13"]
[White "Bullen, Alex"]
[Black "Harris, Calum"]
[Result "1/2-1/2"]
[WhiteElo "2045"]
[BlackElo "1675"]
[PlyCount "0"]
[EventDate "2016.07.07"]
[EventRounds "10"]
[EventCountry "WLS"]

1. d4 {[%clk 1:30:57]} e6 {[%clk 1:30:23]} 2. Nf3 {[%clk 1:31:08]} Nf6
{[%clk 1:30:12]} 3. c4 {[%clk 1:31:31]} d5 {[%clk 1:30:18]} 4. g3
{[%clk 1:31:56]} Bb4+ {[%clk 1:29:23]} 5. Bd2 {[%clk 1:32:17]} Qe7
{[%clk 1:29:42]} 6. Bg2 {[%clk 1:32:03]} O-O {[%clk 1:29:55]} 7. O-O
{[%clk 1:32:26]} Ne4 {[%clk 1:28:30]} 8. Qc2 {[%clk 1:30:35]} c6 {[%clk 1:27:16]}
9. a3 {[%clk 1:26:33]} Bxd2 {[%clk 1:26:28]} 10. Nbxd2 {[%clk 1:26:51]} f5
{[%clk 1:22:08]} 11. Ne5 {[%clk 1:24:28]} Nd7 {[%clk 1:21:50]} 12. Nxd7
{[%clk 1:15:32]} Nxd2 {[%clk 1:17:32]} 13. Qxd2 {[%clk 1:09:46]} Bxd7
{[%clk 1:16:55]} 14. Rac1 {[%clk 1:09:58]} Qd6 {[%clk 1:12:30]} 15. Rc3
{[%clk 1:05:58]} f4 {[%clk 1:11:31]} 16. c5 {[%clk 0:55:48]} Qc7 {[%clk 1:11:17]}
17. e4 {[%clk 0:56:08]} fxg3 {[%clk 0:55:08]} 18. Rxg3 {[%clk 0:53:08]} b6
{[%clk 0:49:30]} 19. b4 {[%clk 0:52:07]} a5 {[%clk 0:46:48]} 20. Qg5
{[%clk 0:47:22]} Rf7 {[%clk 0:42:21]} 21. Bf3 {[%clk 0:44:53]} h6
{[%clk 0:41:31]} 22. Qg6 {[%clk 0:42:38]} bxc5 {[%clk 0:37:03]} 23. Bh5
{[%clk 0:41:25]} Re7 {[%clk 0:36:18]} 24. bxc5 {[%clk 0:37:49]} Be8
{[%clk 0:35:30]} 25. Qg4 {[%clk 0:37:54]} Bxh5 {[%clk 0:34:08]} 26. Qxh5
{[%clk 0:38:16]} Qf4 {[%clk 0:34:10]} 27. Qg4 {[%clk 0:26:13]} Qxg4
{[%clk 0:33:08]} 28. Rxg4 {[%clk 0:26:36]} Rb8 {[%clk 0:33:12]} 29. exd5
{[%clk 0:26:47]} exd5 {[%clk 0:32:58]} 30. Rg6 {[%clk 0:26:34]} Re4
{[%clk 0:29:38]} 31. Rd1 {[%clk 0:26:00]} Rc8 {[%clk 0:23:26]} 32. Kg2
{[%clk 0:23:08]} Kf7 {[%clk 0:22:51]} 33. Rd6 {[%clk 0:23:30]} Rc7
{[%clk 0:22:35]} 34. Rd3 {[%clk 0:21:13]} Re2 {[%clk 0:18:19]} 35. Kg3
{[%clk 0:14:57]} Rb2 {[%clk 0:17:47]} 36. Rf3+ {[%clk 0:13:37]} Kg8
{[%clk 0:12:57]} 37. Rd8+ {[%clk 0:13:04]} Kh7 {[%clk 0:13:21]} 38. Ra8
{[%clk 0:12:46]} Rd2 {[%clk 0:13:43]} 39. Rxa5 {[%clk 0:11:58]} Rxd4
{[%clk 0:14:06]} 40. Rc3 {[%clk 0:11:58]} Re4 {[%clk 0:12:59]} 41. Ra6
{[%clk 0:06:34]} Kg6 {[%clk 0:12:19]} 42. f3 {[%clk 0:01:17]} Re2
{[%clk 0:11:01]} 43. a4 {[%clk 0:27:30]} Rb2 {[%clk 0:37:13]} 44. a5
{[%clk 0:24:34]} Rbb7 {[%clk 0:35:58]} 45. Rb6 {[%clk 0:24:22]} Ra7
{[%clk 0:34:42]} 46. a6 {[%clk 0:24:25]} Kf6 {[%clk 0:32:03]} 47. f4
{[%clk 0:21:45]} Kf5 {[%clk 0:24:12]} 48. Kf3 {[%clk 0:21:34]} g5
{[%clk 0:24:16]} 49. fxg5 {[%clk 0:19:48]} hxg5 {[%clk 0:24:27]} 50. h3
{[%clk 0:17:05]} Ke5 {[%clk 0:17:39]} 51. Kg4 {[%clk 0:07:13]} d4
{[%clk 0:17:08]} 52. Rc1 {[%clk 0:06:49]} d3 {[%clk 0:14:35]} 53. Kf3
{[%clk 0:06:19]} d2 {[%clk 0:12:43]} 54. Rd1 {[%clk 0:06:42]} Kd4
{[%clk 0:12:22]} 55. Rxd2+ {[%clk 0:06:41]} Kxc5 {[%clk 0:12:47]} 56. Rdb2
{[%clk 0:06:45]} Rc8 {[%clk 0:11:25]} 57. Kg4 {[%clk 0:06:40]} Rg8
{[%clk 0:10:37]} 58. Rb1 {[%clk 0:06:53]} Rh8 {[%clk 0:09:56]} 59. Rb8
{[%clk 0:04:01]} Rh4+ {[%clk 0:08:09]} 60. Kxg5 {[%clk 0:04:16]} Rxh3
{[%clk 0:08:22]} 61. Rc1+ {[%clk 0:04:37]} Kd6 {[%clk 0:08:19]} 62. Rb6
{[%clk 0:04:33]} Rc7 {[%clk 0:07:56]} 63. Ra1 {[%clk 0:03:40]} Rhh7
{[%clk 0:07:08]} 64. Rab1 {[%clk 0:04:01]} Rcf7 {[%clk 0:05:01]} 65. Rb7
{[%clk 0:03:11]} Rhg7+ {[%clk 0:05:24]} 66. Kh6 {[%clk 0:03:28]} 1/2-1/2

[Event "2016 South Wales International"]
[Site "Cardiff"]
[Date "2016.07.10"]
[Round "6"]
[Board "14"]
[White "Gosling, Brian G E"]
[Black "Rodriguez, Juan Talavera"]
[Result "1-0"]
[WhiteElo "1842"]
[BlackElo "2020"]
[PlyCount "0"]
[EventDate "2016.07.07"]
[EventRounds "10"]
[EventCountry "WLS"]

1. Nf3 {[%clk 1:30:30]} Nf6 {[%clk 1:30:28]} 2. g3 {[%clk 1:30:53]} d5
{[%clk 1:30:46]} 3. Bg2 {[%clk 1:31:16]} Nbd7 {[%clk 1:30:53]} 4. d3
{[%clk 1:31:22]} e5 {[%clk 1:30:43]} 5. O-O {[%clk 1:29:33]} Bd6 {[%clk 1:30:48]}
6. Nbd2 {[%clk 1:27:13]} O-O {[%clk 1:30:55]} 7. e4 {[%clk 1:27:26]} c6
{[%clk 1:31:07]} 8. b3 {[%clk 1:26:12]} Re8 {[%clk 1:31:22]} 9. Bb2
{[%clk 1:26:12]} Nf8 {[%clk 1:30:36]} 10. Qe2 {[%clk 1:16:27]} Ng6
{[%clk 1:30:49]} 11. Rad1 {[%clk 1:13:21]} b6 {[%clk 1:27:50]} 12. Kh1
{[%clk 1:11:49]} Bb7 {[%clk 1:28:03]} 13. c4 {[%clk 1:09:30]} dxe4
{[%clk 1:26:36]} 14. Nxe4 {[%clk 1:07:27]} Nxe4 {[%clk 1:26:47]} 15. dxe4
{[%clk 1:07:49]} Qe7 {[%clk 1:27:02]} 16. Rd3 {[%clk 0:59:57]} Rad8
{[%clk 1:26:51]} 17. Rfd1 {[%clk 0:59:39]} f6 {[%clk 1:25:13]} 18. Bh3
{[%clk 0:53:51]} Bc5 {[%clk 1:20:09]} 19. Rd7 {[%clk 0:53:01]} Rxd7
{[%clk 1:18:31]} 20. Rxd7 {[%clk 0:52:59]} Qf8 {[%clk 1:18:46]} 21. Rxb7
{[%clk 0:50:24]} Re7 {[%clk 1:19:14]} 22. Rxe7 {[%clk 0:49:50]} Qxe7
{[%clk 1:19:40]} 23. Qd2 {[%clk 0:48:13]} Nf8 {[%clk 1:19:57]} 24. Nh4
{[%clk 0:41:33]} g6 {[%clk 1:20:15]} 25. Bg2 {[%clk 0:39:33]} Ne6
{[%clk 1:19:54]} 26. Nf3 {[%clk 0:39:35]} Nf8 {[%clk 1:19:56]} 27. h4
{[%clk 0:38:29]} Qe6 {[%clk 1:19:15]} 28. b4 {[%clk 0:35:15]} Bd6
{[%clk 1:19:38]} 29. Kh2 {[%clk 0:31:13]} Be7 {[%clk 1:19:50]} 30. Qc3
{[%clk 0:21:44]} Qd6 {[%clk 1:16:26]} 31. a3 {[%clk 0:18:26]} Kg7
{[%clk 1:16:01]} 32. h5 {[%clk 0:14:50]} Ne6 {[%clk 1:12:52]} 33. Bh3
{[%clk 0:13:17]} Nf8 {[%clk 1:12:45]} 34. Nxe5 {[%clk 0:11:18]} fxe5
{[%clk 1:12:23]} 35. Qxe5+ {[%clk 0:11:39]} Qxe5 {[%clk 1:12:38]} 36. Bxe5+
{[%clk 0:11:58]} Kf7 {[%clk 1:12:06]} 37. Bb8 {[%clk 0:11:50]} a5
{[%clk 1:11:57]} 38. bxa5 {[%clk 0:10:03]} bxa5 {[%clk 1:12:24]} 39. a4
{[%clk 0:10:11]} g5 {[%clk 1:12:13]} 40. f4 {[%clk 0:09:55]} Bd8 {[%clk 1:11:58]}
41. Bf5 {[%clk 0:07:11]} gxf4 {[%clk 1:10:37]} 42. gxf4 {[%clk 0:07:16]} Ke7
{[%clk 1:10:09]} 43. Kg3 {[%clk 0:01:02]} Kf7 {[%clk 1:09:13]} 44. e5
{[%clk 0:29:38]} h6 {[%clk 1:38:22]} 45. Bd6 {[%clk 0:29:00]} Bb6
{[%clk 1:38:12]} 46. Be4 {[%clk 0:27:38]} c5 {[%clk 1:35:48]} 47. f5
{[%clk 0:27:04]} Nh7 {[%clk 1:35:41]} 48. e6+ {[%clk 0:24:23]} Kg8
{[%clk 1:33:10]} 49. Kf4 {[%clk 0:18:58]} Nf6 {[%clk 1:33:07]} 50. Ke5
{[%clk 0:18:16]} Nxh5 {[%clk 1:31:10]} 51. e7 {[%clk 0:18:22]} Ng7
{[%clk 1:29:48]} 52. f6 {[%clk 0:17:30]} 1-0

[Event "2016 South Wales International"]
[Site "Cardiff"]
[Date "2016.07.10"]
[Round "6"]
[Board "15"]
[White "Sigurdsson, Birkir Karl"]
[Black "Higgs, Joshua"]
[Result "1/2-1/2"]
[WhiteElo "1883"]
[BlackElo "2003"]
[PlyCount "0"]
[EventDate "2016.07.07"]
[EventRounds "10"]
[EventCountry "WLS"]

1. d4 {[%clk 1:30:34]} Nf6 {[%clk 1:30:56]} 2. c4 {[%clk 1:30:54]} e6
{[%clk 1:31:22]} 3. Nc3 {[%clk 1:31:17]} Bb4 {[%clk 1:31:48]} 4. e3
{[%clk 1:31:35]} O-O {[%clk 1:32:13]} 5. Nge2 {[%clk 1:31:58]} d5
{[%clk 1:32:35]} 6. a3 {[%clk 1:32:24]} Be7 {[%clk 1:32:57]} 7. cxd5
{[%clk 1:32:47]} exd5 {[%clk 1:33:20]} 8. Nf4 {[%clk 1:33:08]} c6
{[%clk 1:32:53]} 9. Bd3 {[%clk 1:33:22]} a5 {[%clk 1:31:45]} 10. O-O
{[%clk 1:31:09]} Bd6 {[%clk 1:26:05]} 11. f3 {[%clk 1:30:16]} Bxf4
{[%clk 1:19:25]} 12. exf4 {[%clk 1:30:13]} b6 {[%clk 1:19:41]} 13. Rb1
{[%clk 1:29:57]} c5 {[%clk 1:16:55]} 14. dxc5 {[%clk 1:29:27]} bxc5
{[%clk 1:17:19]} 15. Re1 {[%clk 1:28:33]} Nc6 {[%clk 0:56:40]} 16. b3
{[%clk 1:25:28]} Ba6 {[%clk 0:52:29]} 17. Bxa6 {[%clk 1:22:55]} Rxa6
{[%clk 0:52:55]} 18. Qd3 {[%clk 1:22:49]} Ra8 {[%clk 0:51:24]} 19. Qb5
{[%clk 1:20:42]} Qd6 {[%clk 0:50:39]} 20. Na4 {[%clk 1:20:11]} Nd7
{[%clk 0:49:58]} 21. Qd3 {[%clk 1:15:40]} Rfe8 {[%clk 0:32:56]} 22. Bd2
{[%clk 1:14:39]} Rxe1+ {[%clk 0:26:11]} 23. Rxe1 {[%clk 1:14:53]} Rb8
{[%clk 0:25:47]} 24. g3 {[%clk 1:08:45]} Nd4 {[%clk 0:21:46]} 25. b4
{[%clk 1:05:25]} axb4 {[%clk 0:21:25]} 26. axb4 {[%clk 1:05:43]} Nc6
{[%clk 0:20:51]} 27. bxc5 {[%clk 1:04:04]} Nxc5 {[%clk 0:20:13]} 28. Qa3 1/2-1/2

[Event "2016 South Wales International"]
[Site "Cardiff"]
[Date "2016.07.10"]
[Round "6"]
[Board "16"]
[White "Wilson, Matthew R"]
[Black "Waterfield, John W"]
[Result "1/2-1/2"]
[WhiteElo "1772"]
[BlackElo "1980"]
[PlyCount "0"]
[EventDate "2016.07.07"]
[EventRounds "10"]
[EventCountry "WLS"]

1. e4 {[%clk 1:30:59]} g6 {[%clk 1:30:40]} 2. Nc3 {[%clk 1:31:24]} Bg7
{[%clk 1:30:51]} 3. f4 {[%clk 1:31:49]} c5 {[%clk 1:30:14]} 4. Nf3
{[%clk 1:32:01]} Nc6 {[%clk 1:29:30]} 5. Bb5 {[%clk 1:32:26]} Nd4
{[%clk 1:29:41]} 6. O-O {[%clk 1:32:50]} Nxb5 {[%clk 1:30:03]} 7. Nxb5
{[%clk 1:33:16]} d5 {[%clk 1:30:19]} 8. e5 {[%clk 1:33:12]} a6 {[%clk 1:28:07]}
9. Nc3 {[%clk 1:32:26]} d4 {[%clk 1:25:08]} 10. Ne4 {[%clk 1:31:52]} Qd5
{[%clk 1:25:33]} 11. d3 {[%clk 1:27:44]} Bf5 {[%clk 1:21:47]} 12. Ng3
{[%clk 1:24:04]} Nh6 {[%clk 1:16:45]} 13. a4 {[%clk 1:15:24]} b6 {[%clk 1:10:09]}
14. Qe2 {[%clk 1:04:50]} O-O {[%clk 1:07:38]} 15. Bd2 {[%clk 1:04:18]} Bd7
{[%clk 1:00:07]} 16. c4 {[%clk 0:57:43]} dxc3 {[%clk 0:57:55]} 17. bxc3
{[%clk 0:54:24]} f6 {[%clk 0:49:31]} 18. d4 {[%clk 0:52:59]} b5 {[%clk 0:49:36]}
19. Qe4 {[%clk 0:47:49]} Qxe4 {[%clk 0:46:56]} 20. Nxe4 {[%clk 0:48:01]} cxd4
{[%clk 0:45:56]} 21. cxd4 {[%clk 0:48:08]} bxa4 {[%clk 0:40:53]} 22. Bb4
{[%clk 0:42:56]} fxe5 {[%clk 0:34:48]} 23. fxe5 {[%clk 0:38:12]} Bc6
{[%clk 0:30:49]} 24. Nc5 {[%clk 0:34:55]} Nf5 {[%clk 0:29:20]} 25. Ne6
{[%clk 0:28:59]} Rfb8 {[%clk 0:27:12]} 26. Bc5 {[%clk 0:25:12]} Rb2
{[%clk 0:20:37]} 27. Rab1 {[%clk 0:20:52]} Rab8 {[%clk 0:18:22]} 28. Rxb2
{[%clk 0:21:03]} Rxb2 {[%clk 0:18:48]} 29. Rf2 {[%clk 0:16:57]} Rb1+
{[%clk 0:18:07]} 30. Rf1 {[%clk 0:17:06]} Rb3 {[%clk 0:14:14]} 31. Nxg7
{[%clk 0:13:05]} Kxg7 {[%clk 0:14:22]} 32. Nd2 {[%clk 0:07:12]} Rc3
{[%clk 0:11:33]} 33. e6 {[%clk 0:05:03]} Bb5 {[%clk 0:06:32]} 34. Rf3
{[%clk 0:04:35]} Rxf3 {[%clk 0:05:10]} 35. Nxf3 {[%clk 0:04:40]} Bc4
{[%clk 0:04:41]} 36. g4 {[%clk 0:04:01]} Ne3 {[%clk 0:04:48]} 37. Bxe7
{[%clk 0:03:29]} Nxg4 {[%clk 0:04:53]} 38. Ne5 {[%clk 0:03:39]} Ne3
{[%clk 0:01:49]} 39. Kf2 {[%clk 0:02:44]} Nd1+ {[%clk 0:02:15]} 40. Ke1
{[%clk 0:02:46]} Nb2 {[%clk 0:01:14]} 41. Ba3 {[%clk 0:00:35]} Nd3+
{[%clk 0:30:30]} 42. Nxd3 {[%clk 0:29:20]} Bxd3 {[%clk 0:30:54]} 43. e7
{[%clk 0:28:44]} Bb5 {[%clk 0:30:04]} 44. Kf2 {[%clk 0:26:38]} Kf6
{[%clk 0:30:07]} 45. Ke3 {[%clk 0:24:25]} Ke6 {[%clk 0:30:05]} 46. Bc5
{[%clk 0:21:42]} g5 {[%clk 0:25:58]} 47. Kd2 {[%clk 0:15:13]} h5 {[%clk 0:26:08]}
48. Kc3 {[%clk 0:13:05]} Kd5 {[%clk 0:25:30]} 49. Ba7 {[%clk 0:12:33]} g4
{[%clk 0:24:59]} 50. Bb8 {[%clk 0:12:23]} Ke6 {[%clk 0:24:56]} 51. Bg3
{[%clk 0:12:09]} Kxe7 {[%clk 0:25:05]} 52. Bh4+ {[%clk 0:11:36]} Ke6
{[%clk 0:25:18]} 53. Bg3 {[%clk 0:10:16]} Kd5 {[%clk 0:25:41]} 54. Be5
{[%clk 0:09:41]} Ke4 {[%clk 0:25:17]} 55. Bg3 {[%clk 0:09:11]} Kf3
{[%clk 0:21:42]} 56. d5 {[%clk 0:07:55]} Kg2 {[%clk 0:21:28]} 57. d6
{[%clk 0:08:06]} h4 {[%clk 0:21:51]} 58. Bxh4 {[%clk 0:07:47]} Kxh2
{[%clk 0:22:16]} 59. Bf6 {[%clk 0:07:45]} g3 {[%clk 0:22:23]} 60. Be5
{[%clk 0:08:11]} Kh3 {[%clk 0:22:30]} 61. Bxg3 {[%clk 0:08:00]} Kxg3
{[%clk 0:22:54]} 62. Kb2 {[%clk 0:08:24]} 1/2-1/2

[Event "2016 South Wales International"]
[Site "Cardiff"]
[Date "2016.07.10"]
[Round "6"]
[Board "17"]
[White "Thomas, Roy"]
[Black "Mccarthy, Damian"]
[Result "0-1"]
[WhiteElo "1751"]
[BlackElo "1878"]
[PlyCount "58"]
[EventDate "2016.07.07"]
[EventRounds "10"]
[EventCountry "WLS"]

1. f4 e5 2. fxe5 d6 3. exd6 Bxd6 4. Nf3 g5 5. d4 g4 6. Ng5 f5 7. e4 Be7 8. Nh3
Nc6 9. c3 Nf6 10. e5 Ne4 11. Bf4 Be6 12. Nf2 Qd5 13. Nd2 Bh4 14. Ndxe4 Qxe4+
15. Qe2 Bxf2+ 16. Kxf2 Qxf4+ 17. Kg1 O-O-O 18. g3 Qg5 19. Bg2 Ne7 20. Kf2 f4
21. Be4 Rdf8 22. Ke1 Bd5 23. c4 Bxe4 24. Qxe4 fxg3 25. hxg3 Rf3 26. Kd1 Rf2 27.
Qd3 Rhf8 28. Ke1 R8f3 29. Qd1 Qe3+ 0-1

[Event "2016 South Wales International"]
[Site "Cardiff"]
[Date "2016.07.10"]
[Round "6"]
[Board "18"]
[White "Davis, Lee"]
[Black "Jones, Jeremy"]
[Result "1-0"]
[WhiteElo "1946"]
[BlackElo "1595"]
[PlyCount "71"]
[EventDate "2016.07.07"]
[EventRounds "10"]
[EventCountry "WLS"]

1. d4 d6 2. Nf3 g6 3. g3 f5 4. Bg2 Nf6 5. O-O Bg7 6. c4 c6 7. Nc3 O-O 8. d5 e5
9. dxe6 Bxe6 10. b3 Nbd7 11. Qxd6 Re8 12. Ng5 Bf8 13. Nxe6 Bxd6 14. Nxd8 Raxd8
15. Bb2 Be5 16. Rfd1 Nc5 17. Rxd8 Rxd8 18. Rd1 Rxd1+ 19. Nxd1 Bxb2 20. Nxb2 a5
21. Nd1 Kf7 22. Nc3 Ke6 23. f4 Nce4 24. Nxe4 fxe4 25. g4 e3 26. Bf3 h5 27. g5
Nh7 28. Be4 Nf8 29. Kg2 Kd6 30. Kf3 Kc5 31. Kxe3 Kb4 32. Kd2 Ka3 33. Kc3 Ne6
34. e3 Nc5 35. Bxg6 Kxa2 36. Bc2 1-0

[Event "2016 South Wales International"]
[Site "Cardiff"]
[Date "2016.07.10"]
[Round "6"]
[Board "19"]
[White "Hurn, Robert Aj"]
[Black "Parry, Matthew"]
[Result "1/2-1/2"]
[WhiteElo "1623"]
[BlackElo "1909"]
[PlyCount "122"]
[EventDate "2016.07.07"]
[EventRounds "10"]
[EventCountry "WLS"]

1. d4 Nf6 2. c4 d5 3. Nc3 e6 4. cxd5 exd5 5. Bg5 c6 6. e3 Qb6 7. Qc2 Ne4 8.
Nxe4 dxe4 9. Bf4 Bb4+ 10. Kd1 O-O 11. Bc4 c5 12. Ne2 Be6 13. Kc1 Bxc4 14. Qxc4
Nc6 15. d5 Na5 16. Qxe4 c4 17. Nc3 Bxc3 18. bxc3 Qc5 19. Kc2 Rfe8 20. Qf5 b5
21. a3 Nc6 22. Qg5 f6 23. Qh5 Rad8 24. Rhd1 Ne7 25. e4 Qxf2+ 26. Bd2 Qxg2 27.
Re1 Ng6 28. Re2 Re5 29. Rxg2 Rxh5 30. Rag1 Rd7 31. Be3 a6 32. Re2 Ne5 33. Rf2
Kf7 34. Rfg2 g6 35. Rf1 Kg7 36. Bd4 Rh4 37. Re2 g5 38. Rf5 Kg6 39. Rf1 Rf4 40.
Rxf4 gxf4 41. Bxe5 fxe5 42. Rf2 Kg5 43. Kd2 Kg4 44. Ke2 Rf7 45. Rf3 h5 46. Rf1
h4 47. Rd1 Kg5 48. Kf3 Kf6 49. Rg1 Rg7 50. Rd1 Ke7 51. a4 Kd6 52. axb5 axb5 53.
Ra1 Kc5 54. Ra6 b4 55. Ra5+ Kb6 56. cxb4 Rc7 57. d6 Rc6 58. Rxe5 c3 59. d7 Kc7
60. Rd5 Kd8 61. Rd1 Rb6 1/2-1/2

[Event "2016 South Wales International"]
[Site "Cardiff"]
[Date "2016.07.10"]
[Round "6"]
[Board "20"]
[White "Sivarajasingam, Shayanna"]
[Black "Cresswell, Mike J"]
[Result "1-0"]
[WhiteElo "1622"]
[BlackElo "1770"]
[PlyCount "109"]
[EventDate "2016.07.07"]
[EventRounds "10"]
[EventCountry "WLS"]

1. e4 Nf6 2. e5 Nd5 3. d4 d6 4. Bc4 e6 5. Nf3 Nb6 6. Bd3 Nc6 7. O-O Bd7 8. Re1
Qe7 9. c4 O-O-O 10. exd6 cxd6 11. d5 Ne5 12. Nxe5 dxe5 13. Rxe5 Qf6 14. Re1 Bc5
15. Rf1 Bd4 16. Nd2 Ba4 17. Qf3 exd5 18. cxd5 Nxd5 19. Be4 Qxf3 20. Nxf3 Nf6
21. Bf5+ Kb8 22. Nxd4 Rxd4 23. Be3 Rb4 24. b3 Bc6 25. Rac1 Nd5 26. Bc5 Rh4 27.
Bd6+ Ka8 28. Rfe1 g6 29. Bg3 Rb4 30. Be4 f6 31. Bxd5 Bxd5 32. Rc7 a5 33. Rc5 b6
34. Rxd5 f5 35. Bd6 Rd8 36. Bxb4 Rxd5 37. Bc3 Rd3 38. Bf6 Rd2 39. a3 Rd3 40.
Rb1 Kb7 41. h3 Kc6 42. Kf1 Kb5 43. Ke2 Rd6 44. Bc3 g5 45. a4+ Kc6 46. b4 axb4
47. Rxb4 h5 48. Rb5 Rd5 49. Rxd5 Kxd5 50. Kd3 f4 51. Bd4 h4 52. Bxb6 Kc6 53.
Bd8 g4 54. Ke2 f3+ 55. Kf1 1-0

[Event "2016 South Wales International"]
[Site "Cardiff"]
[Date "2016.07.10"]
[Round "6"]
[Board "21"]
[White "Bridges, Paul"]
[Black "Orton, Paul"]
[Result "1/2-1/2"]
[WhiteElo "1812"]
[BlackElo "1595"]
[PlyCount "36"]
[EventDate "2016.07.07"]
[EventRounds "10"]
[EventCountry "WLS"]

1. e4 c5 2. Nc3 Nc6 3. f4 g6 4. Nf3 Bg7 5. Bc4 e6 6. O-O Nge7 7. Bb3 a6 8. d3
O-O 9. Qe1 d5 10. a4 b6 11. Qh4 Nd4 12. f5 exf5 13. Bg5 f6 14. Nxd5 Nxb3 15.
Nxf6+ Bxf6 16. Bxf6 Rxf6 17. Qxf6 Nxa1 18. Rxa1 Bb7 1/2-1/2

[Event "2016 South Wales International"]
[Site "Cardiff"]
[Date "2016.07.10"]
[Round "6"]
[Board "22"]
[White "Robertson, Jim"]
[Black "O`rourke, Kevin"]
[Result "1-0"]
[WhiteElo "1649"]
[BlackElo "1367"]
[PlyCount "71"]
[EventDate "2016.07.07"]
[EventRounds "10"]
[EventCountry "WLS"]

1. d4 d5 2. e3 Nf6 3. Bd3 Nc6 4. f4 Bg4 5. Nf3 a6 6. a4 e6 7. c3 Be7 8. Nbd2
Nh5 9. O-O g5 10. Be2 gxf4 11. Ne1 Bxe2 12. Qxe2 Nf6 13. exf4 Qd6 14. b4 O-O-O
15. b5 Na7 16. Ba3 Qd7 17. Bxe7 Qxe7 18. bxa6 b6 19. Nef3 h5 20. Rfb1 h4 21. c4
dxc4 22. Nxc4 Nd5 23. Qc2 Kd7 24. Nce5+ Ke8 25. Nc6 Nxc6 26. Qxc6+ Qd7 27.
Qxd7+ Rxd7 28. Ne5 Rd8 29. a5 Nxf4 30. axb6 cxb6 31. Rxb6 Ra8 32. Rb7 Ne2+ 33.
Kf2 Nxd4 34. a7 f6 35. Rb8+ Ke7 36. Ng6+ 1-0

[Event "2016 South Wales International"]
[Site "Cardiff"]
[Date "2016.07.10"]
[Round "6"]
[Board "23"]
[White "Bonutto, Stephen"]
[Black "Cox, John"]
[Result "1-0"]
[WhiteElo "1391"]
[BlackElo "1469"]
[PlyCount "83"]
[EventDate "2016.07.07"]
[EventRounds "10"]
[EventCountry "WLS"]

1. e4 e5 2. Nf3 d6 3. d4 exd4 4. Nxd4 Nf6 5. Nc3 Be7 6. Bf4 O-O 7. Qd2 a6 8.
O-O-O c5 9. Nf5 Bxf5 10. exf5 Qd7 11. Nd5 Nxd5 12. Qxd5 Qc6 13. Qb3 Nd7 14. Qg3
d5 15. h4 Kh8 16. Qd3 Nf6 17. h5 c4 18. Qf3 Bd6 19. Bxd6 Qxd6 20. Bxc4 Rac8 21.
Bxd5 Qc5 22. Bb3 Kg8 23. h6 Rfe8 24. Qg3 Qf8 25. f3 Kh8 26. Qxg7+ Qxg7 27.
hxg7+ Kxg7 28. Rhe1 Rc7 29. Rxe8 Nxe8 30. Bd5 b6 31. b3 Nf6 32. Be4 Re7 33. Re1
Nd5 34. a3 Nf4 35. Kd2 Kf6 36. g4 Rd7+ 37. Kc3 Ng2 38. g5+ Kg7 39. Rg1 Nf4 40.
Rh1 Ne2+ 41. Kb2 Ng3 42. f6+ 1-0